Simply AIX 4.3 / (Record no. 61926)

000 -LEADER
fixed length control field 01218cam a2200313 a 4500
001 - CONTROL NUMBER
control field 4520402
003 - CONTROL NUMBER IDENTIFIER
control field NUST-PNEC
005 - DATE AND TIME OF LATEST TRANSACTION
control field 20170116180735.0
008 - FIXED-LENGTH DATA ELEMENTS--GENERAL INFORMATION
fixed length control field 990105s1999 njua 001 0 eng
010 ## - LIBRARY OF CONGRESS CONTROL NUMBER
LC control number 99011803
020 ## - INTERNATIONAL STANDARD BOOK NUMBER
International Standard Book Number 0130213446
040 ## - CATALOGING SOURCE
Original cataloging agency DLC
Transcribing agency PNEC
Modifying agency DLC
050 00 - LIBRARY OF CONGRESS CALL NUMBER
Classification number QA76.76.O63
Item number C3725 1999
082 00 - DEWEY DECIMAL CLASSIFICATION NUMBER
Classification number 005.4469 CAN
Edition number 21
100 1# - MAIN ENTRY--PERSONAL NAME
Personal name Cannon, Casey.
245 10 - TITLE STATEMENT
Title Simply AIX 4.3 /
Statement of responsibility, etc. Casey Cannon, Scott Trent, and Carolyn Jones.
250 ## - EDITION STATEMENT
Edition statement 2nd ed.
260 ## - PUBLICATION, DISTRIBUTION, ETC.
Place of publication, distribution, etc. Upper Saddle River, N.J. :
Name of publisher, distributor, etc. Prentice Hall PTR,
Date of publication, distribution, etc. c1999.
300 ## - PHYSICAL DESCRIPTION
Extent xxxi, 334 p.
Other physical details ill.
Dimensions 24 cm.
500 ## - GENERAL NOTE
General note Includes index.
630 00 - SUBJECT ADDED ENTRY--UNIFORM TITLE
Uniform title AIX (Computer file)
650 #0 - SUBJECT ADDED ENTRY--TOPICAL TERM
Topical term or geographic name entry element Operating systems (Computers)
General subdivision Computer, MIS
700 1# - ADDED ENTRY--PERSONAL NAME
Personal name Trent, Scott.
700 1# - ADDED ENTRY--PERSONAL NAME
Personal name Jones, Carolyn.
856 ## - ELECTRONIC LOCATION AND ACCESS
Uniform Resource Identifier <a href="http://www.amazon.com/Simply-AIX-4-3-Casey-Cannon/dp/0130213446/ref=sr_1_1?s=books&ie=UTF8&qid=1416662296&sr=1-1&keywords=0130213446">http://www.amazon.com/Simply-AIX-4-3-Casey-Cannon/dp/0130213446/ref=sr_1_1?s=books&ie=UTF8&qid=1416662296&sr=1-1&keywords=0130213446</a>
906 ## - LOCAL DATA ELEMENT F, LDF (RLIN)
a 7
b cbc
c orignew
d 1
e ocip
f 19
g y-gencatlg
942 ## - ADDED ENTRY ELEMENTS (KOHA)
Source of classification or shelving scheme
Koha item type Book
Holdings
Withdrawn status Lost status Source of classification or shelving scheme Damaged status Not for loan Permanent Location Current Location Shelving location Date acquired Source of acquisition Cost, normal purchase price Total Checkouts Full call number Barcode Date last seen Cost, replacement price Price effective from Koha item type
          Pakistan Navy Engineering College (PNEC) Pakistan Navy Engineering College (PNEC)   11/03/2001 - 230.00   005.4469 CAN PNECLIB-023183 11/22/2014 230.00 11/03/2001 Book
© 2023 Central Library, National University of Sciences and Technology. All Rights Reserved.